<?xml version="1.0" encoding="UTF-8"?>
<marc:record xmlns:marc="http://www.loc.gov/MARC21/slim">
   <marc:leader>00000nam a2200000 a 4500</marc:leader>
   <marc:datafield ind1="1" ind2=" " tag="100">
      <marc:subfield code="a">Khorchide, Mouhanad</marc:subfield>
      <marc:subfield code="4">aut</marc:subfield>
      <marc:subfield code="e">Verfasser/-in</marc:subfield>
   </marc:datafield>
   <marc:datafield ind1="0" ind2="0" tag="245">
      <marc:subfield code="a">Ein Muslim auf dem Jakobsweg</marc:subfield>
   </marc:datafield>
   <marc:datafield ind1="0" ind2="0" tag="245">
      <marc:subfield code="b">Pilgererfahrungen der anderen Art</marc:subfield>
   </marc:datafield>
   <marc:datafield ind1="0" ind2="0" tag="245">
      <marc:subfield code="c">Mouhanad Khorchide</marc:subfield>
   </marc:datafield>
   <marc:datafield ind1=" " ind2="1" tag="264">
      <marc:subfield code="a">Freiburg</marc:subfield>
      <marc:subfield code="b">Verlag Herder</marc:subfield>
      <marc:subfield code="c">2024</marc:subfield>
   </marc:datafield>
   <marc:datafield ind1="1" ind2=" " tag="520">
      <marc:subfield code="a">Pilgern ist im Islam eine Selbstverständlichkeit. Mindestens einmal im Leben sollte jeder Muslim die Kaaba in Mekka umrundet haben. Doch wie sieht es eigentlich im Christentum aus? Um das herauszufinden, will Mouhanad Khorchide den Geheimnissen des Jakobswegs auf die Spur kommen. Er kauft sich ein Paar Wanderschuhe, setzt sich ins Flugzeug und macht erst einmal alles falsch. Denn das Pilgern nach Santiago de Compostela ist etwas ganz anderes als die Hadsch der Muslime. Humorvoll erzählt Mouhanad Khorchide von seinen Wegen und Irrwegen auf dem Camino, von Begegnungen und Gesprächen und davon, wie das Wandern auf dem Jakobsweg eine Reise ins eigene Ich wurde, die ihn nicht nur das Christentum, sondern auch den Islam noch einmal neu erleben ließ.</marc:subfield>
   </marc:datafield>
   <marc:datafield ind1=" " ind2=" " tag="020">
      <marc:subfield code="a">9783451397219</marc:subfield>
      <marc:subfield code="9">9783451397219</marc:subfield>
   </marc:datafield>
   <marc:datafield ind1=" " ind2=" " tag="041">
      <marc:subfield code="a">ger</marc:subfield>
   </marc:datafield>
   <marc:datafield ind1=" " ind2=" " tag="300">
      <marc:subfield code="a">176 Seiten</marc:subfield>
   </marc:datafield>
</marc:record>
